Extensions in mathematics : (Record no. 7238)
[ view plain ]
| 000 -LEADER | |
|---|---|
| fixed length control field | 01339nam a22004217a 4500 |
| 003 - CONTROL NUMBER IDENTIFIER | |
| control field | OSt |
| 005 - DATE AND TIME OF LATEST TRANSACTION | |
| control field | 20140310181928.0 |
| 008 - FIXED-LENGTH DATA ELEMENTS--GENERAL INFORMATION | |
| fixed length control field | 130720t xxu||||| |||| 00| 0 eng d |
| 020 ## - INTERNATIONAL STANDARD BOOK NUMBER | |
| International Standard Book Number | 0760937036 |
| 050 ## - LIBRARY OF CONGRESS CALL NUMBER | |
| Classification number | QA 11.2 |
| Item number | .Ex96t 2006 |
| 082 ## - DEWEY DECIMAL CLASSIFICATION NUMBER | |
| Classification number | TR 510 |
| Item number | Ex8 2006 |
| 110 ## - MAIN ENTRY--CORPORATE NAME | |
| Corporate name or jurisdiction name as entry element | Curriculum Associates, Inc. |
| 9 (RLIN) | 1534 |
| 245 ## - TITLE STATEMENT | |
| Title | Extensions in mathematics : |
| Remainder of title | teacher guide / |
| 260 ## - PUBLICATION, DISTRIBUTION, ETC. (IMPRINT) | |
| Place of publication, distribution, etc | North Billerica, MA : |
| Name of publisher, distributor, etc | Curriculum Associates, Inc., |
| Date of publication, distribution, etc | c2006. |
| 300 ## - PHYSICAL DESCRIPTION | |
| Extent | 61 p. ; |
| Dimensions | 27 cm. |
| 521 ## - TARGET AUDIENCE NOTE | |
| Target audience note | |
| 541 ## - IMMEDIATE SOURCE OF ACQUISITION NOTE | |
| -- | 1 |
| 541 ## - IMMEDIATE SOURCE OF ACQUISITION NOTE | |
| -- | 1 |
| 541 ## - IMMEDIATE SOURCE OF ACQUISITION NOTE | |
| -- | 1 |
| 541 ## - IMMEDIATE SOURCE OF ACQUISITION NOTE | |
| -- | 1 |
| 541 ## - IMMEDIATE SOURCE OF ACQUISITION NOTE | |
| -- | 1 |
| 541 ## - IMMEDIATE SOURCE OF ACQUISITION NOTE | |
| -- | 1 |
| 541 ## - IMMEDIATE SOURCE OF ACQUISITION NOTE | |
| -- | 1 |
| 541 ## - IMMEDIATE SOURCE OF ACQUISITION NOTE | |
| -- | 1 |
| 562 ## - COPY AND VERSION IDENTIFICATION NOTE | |
| Number of copies | 8 |
| 610 ## - SUBJECT ADDED ENTRY--CORPORATE NAME | |
| Corporate name or jurisdiction name as entry element | Curriculum Associates, Inc. |
| 9 (RLIN) | 1534 |
| 650 ## - SUBJECT ADDED ENTRY--TOPICAL TERM | |
| Topical term or geographic name as entry element | Mathematics. |
| 9 (RLIN) | 210 |
| 710 ## - ADDED ENTRY--CORPORATE NAME | |
| Corporate name or jurisdiction name as entry element | Curriculum Associates, Inc. |
| 9 (RLIN) | 1534 |
| 830 ## - SERIES ADDED ENTRY--UNIFORM TITLE | |
| Uniform title | Extensions in mathematics: Series A |
| 9 (RLIN) | 2451 |
| 830 ## - SERIES ADDED ENTRY--UNIFORM TITLE | |
| Uniform title | Extensions in mathematics: Series B |
| 9 (RLIN) | 2452 |
| 830 ## - SERIES ADDED ENTRY--UNIFORM TITLE | |
| Uniform title | Extensions in mathematics: Series C |
| 9 (RLIN) | 2453 |
| 830 ## - SERIES ADDED ENTRY--UNIFORM TITLE | |
| Uniform title | Extensions in mathematics: Series D |
| 9 (RLIN) | 2454 |
| 830 ## - SERIES ADDED ENTRY--UNIFORM TITLE | |
| Uniform title | Extensions in mathematics: Series E |
| 9 (RLIN) | 2455 |
| 830 ## - SERIES ADDED ENTRY--UNIFORM TITLE | |
| Uniform title | Extensions in mathematics: Series F |
| 9 (RLIN) | 2456 |
| 830 ## - SERIES ADDED ENTRY--UNIFORM TITLE | |
| Uniform title | Extensions in mathematics: Series G |
| 9 (RLIN) | 2457 |
| 830 ## - SERIES ADDED ENTRY--UNIFORM TITLE | |
| Uniform title | Extensions in mathematics: Series H |
| 9 (RLIN) | 2458 |
| 942 ## - ADDED ENTRY ELEMENTS (KOHA) | |
| Source of classification or shelving scheme | Library of Congress Classification |
| Koha item type | |
| Call number prefix | |
| Withdrawn status | Lost status | Source of classification or shelving scheme | Damaged status | Home library | Current library | Shelving location | Date acquired | Total Checkouts | Full call number | Barcode | Date last seen | Copy number | Price effective from | Koha item type |
|---|---|---|---|---|---|---|---|---|---|---|---|---|---|---|
| Library of Congress Classification | Luxembourg Library | Luxembourg Library | Teachers Reference Section | 07/20/2013 | QA 11.2 .Ex96t 2006 | 18744 | 08/13/2013 | 1 | 07/20/2013 | Books | ||||
| Library of Congress Classification | Luxembourg Library | Luxembourg Library | Teachers Reference Section | 07/20/2013 | QA 11.2 .Ex96t 2006 | 18745 | 08/13/2013 | 1 | 07/20/2013 | Books | ||||
| Library of Congress Classification | Luxembourg Library | Luxembourg Library | Teachers Reference Section | 07/20/2013 | QA 11.2 .Ex96t 2006 | 18746 | 08/13/2013 | 1 | 07/20/2013 | Books | ||||
| Library of Congress Classification | Luxembourg Library | Luxembourg Library | Teachers Reference Section | 07/20/2013 | QA 11.2 .Ex96t 2006 | 18747 | 08/13/2013 | 1 | 07/20/2013 | Books | ||||
| Library of Congress Classification | Luxembourg Library | Luxembourg Library | Teachers Reference Section | 07/20/2013 | QA 11.2 .Ex96t 2006 | 18748 | 08/13/2013 | 1 | 07/20/2013 | Books | ||||
| Library of Congress Classification | Luxembourg Library | Luxembourg Library | Teachers Reference Section | 07/20/2013 | QA 11.2 .Ex96t 2006 | 18749 | 08/13/2013 | 1 | 07/20/2013 | Books | ||||
| Library of Congress Classification | Luxembourg Library | Luxembourg Library | Teachers Reference Section | 07/20/2013 | QA 11.2 .Ex96t 2006 | 18750 | 08/13/2013 | 1 | 07/20/2013 | Books | ||||
| Library of Congress Classification | Luxembourg Library | Luxembourg Library | Teachers Reference Section | 07/20/2013 | QA 11.2 .Ex96t 2006 | 18751 | 08/13/2013 | 1 | 07/20/2013 | Books |